Dzielnice Poznania - Quiz na mapie - Statystyki

Ogólne statystyki
  • Ten quiz został rozwiązany 145 razy
  • Średni wynik to 15 z 42
Odpowiedzi na mapie
Odpowiedzi zakodowano w zielono-czerwonej skali na mapie do tego quizu, zgodnie z poniższymi procentami.
 
Statystyki odpowiedzi
Odpowiedź % Poprawnych
Jeżyce
53%
Morasko-Radojewo
48%
Antoninek-Zieliniec-Kobylepole
47%
Stare Miasto
47%
Kiekrz
45%
Św. Łazarz
44%
Górczyn
41%
Ostrów Tumski-Śródka-
Zawady-Komandoria
41%
Piątkowo
41%
Piątkowo Północ
41%
Rataje
41%
Wilda
41%
Winiary
41%
Ławica
40%
Osiedle Kwiatowe
40%
Grunwald Północ
38%
Junikowo
37%
Naramowice
37%
Nowe Winogrady Północ
37%
Ogrody
37%
Nowe Winogrady Wschód
36%
Strzeszyn
36%
Grunwald Północ
34%
Nowe Winogrady Południe
34%
Podolany
34%
Sołacz
34%
Stare Winogrady
34%
Starołęka-Minikowo-Marlewo
34%
Zielony Dębiec
34%
Główna
32%
Krzyżowniki-Smochowice
32%
Fabianowo-Kotowo
30%
Świerczewo
30%
Umultowo
30%
Chartowo
29%
Głuszyna
29%
Warszawskie-Pomet-Maltańskie
29%
Wola
27%
Krzesiny-Pokrzywno-Garaszewo
23%
Stary Grunwald
23%
Żegrze
22%
Szczepankowo-Spławie-Krzesinki
14%
Nie znaleziono quizów pasujących do podanych kryteriów
Rozkład punktacji
Procent ludzi z każdym wynikiem
Percentyl według liczby udzielonych odpowiedzi
Twoja historia wyników
Nie rozwiązałeś tego quizu